000 00449nam a2200181Ia 4500
001 4713
005 20260306145815.0
008 260306t2003||||xx |||||||||||||| ||spa||
041 _aESP
082 _a330.01
_bF49
100 _aFigueroa, Adolfo
_eAUT
245 0 _aLa sociedad sigma:
_buna teoría del desarrollo económico
260 _c2003
300 _a355 páginas :
_c20 cm.
650 _aGEN
654 _aCAN
942 _cLIB
_dJUS
_fJUS
_2ddc
_n
999 _c4713
_d4713